000 00278nam a22001217a 4500
008 170714b xxu||||| |||| 00| 0 eng d
041 _aeng
080 _a038
100 _a26
101 _aFJA
245 _aROGET'S THESAURUS OF WORDS AND PHRASES
_cROGET, P.M
942 _2udc
_cBK
999 _c20930
_d20930